Datum a čas kvízu
35
Celkem bodů
Celkový počet nahraných bodů na tomto kvízu bez doplňovacích otázek.
4.
Pořadí na kvízu
Konečné umístění týmu na tomto kvízu.
Zaznamenané odpovědi
| # | Otázka | Odpověď | Body | Výsledky |
|---|---|---|---|---|
| 1. | Jak se jmenuje tento muž, kter... | Igor Červený | 1 | |
| 2. | Na sociálních sítích jste mohl... | B) osla | 1 | |
| 3. | Skladba Stairway to Heaven od... | Led Zeppelin | 0 | |
| 4. | Designér Nik Bentel vytvořil v... | nákupní košík | 1 | |
| 5. | Jeden český prvoligový klub po... | Baník Ostrava; Tomáš Galásek | 1 | |
| 6. | Zimní olympiádu v Itálii máme... | Alberto Tomba | 1 | |
| 7. | Vyberte nepravdivé tvrzení o t... | A | 1 | |
| 8. | Velký rozruch vyvolala helma u... | skeleton | 1 | |
| 9. | Seřaďte české olympioniky podl... | 1B 2A 3D 4C | 1 | |
| 10. | Do ženské kvalifikace týmového... | Nazgul | 0 |